Efficiency and productivity of agri-businesses

Produktivita jednotlivých agrárnych podnikov rozhoduje o výkonnosti celého slovenského poľnohospodárstva. Analýza parametrov produktivity poľnohospodárskych podnikov v SR v roku 1997. Ako triediace hľadiská podnikateľských subjektov boli uplatnené plošná veľkosť podniku, typ podniku, prírodné podmie...

Ausführliche Beschreibung

Gespeichert in:
Bibliographische Detailangaben
1. Verfasser: Grznár, Miroslav
Format: Buchkapitel
Sprache:Englisch
Schlagworte:
Tags: Tag hinzufügen
Keine Tags, Fügen Sie das erste Tag hinzu!

MARC

LEADER 00000naa a2200000 4500
001 r035709
005 20230918075927.3
041 0 |a eng 
044 |a SK 
245 1 0 |a Efficiency and productivity of agri-businesses  |c Miroslav Grznár 
520 |a Produktivita jednotlivých agrárnych podnikov rozhoduje o výkonnosti celého slovenského poľnohospodárstva. Analýza parametrov produktivity poľnohospodárskych podnikov v SR v roku 1997. Ako triediace hľadiská podnikateľských subjektov boli uplatnené plošná veľkosť podniku, typ podniku, prírodné podmienky a ekonomická prosperita. 
610 2 0 |a podnik poľnohospodársky 
610 2 0 |a produktivita 
610 2 0 |a výkonnosť 
610 2 0 |a výnosy podnikové 
610 2 0 |a manažment 
610 2 0 |a Slovensko 
610 2 0 |a 1997 
610 2 0 |a analýzy 
100 1 |a Grznár, Miroslav